Конструирование, расчет, испытания и надежность машин; Вестник машиностроения; № 4
| Parent link: | Вестник машиностроения: научно-технический и производственный журнал.— , 1943- № 4.— 2017.— [С. 31-33] |
|---|---|
| Egile nagusia: | |
| Erakunde egilea: | |
| Beste egile batzuk: | , |
| Gaia: | Заглавие с экрана Для исключения касания стеблем ружейного сверла поверхности обработанного отверстия и повышения стойкости инструмента на базе уточненной схемы сил и моментов, действующих на сверло, предложен автоматизированный расчет геометрических параметров стебля и его стрелы прогиба. For excluding of touching by a gun drill stem of a surface of machined hole and increase of tool resistance on the base of refined free body diagram of a drill, the automated calculation of stem geometric parameters and its camber height is suggested. Режим доступа: по договору с организацией-держателем ресурса |
| Hizkuntza: | errusiera |
| Argitaratua: |
2017
|
| Saila: | Конструирование, расчет, испытания и надежность машин |
| Gaiak: | |
| Sarrera elektronikoa: | http://www.mashin.ru/eshop/journals/vestnik_mashinostroeniya/2036/13/ https://elibrary.ru/item.asp?id=29842360 |
| Formatua: | MixedMaterials Baliabide elektronikoa Liburu kapitulua |
| KOHA link: | https://koha.lib.tpu.ru/cgi-bin/koha/opac-detail.pl?biblionumber=655530 |
MARC
| LEADER | 00000naa0a2200000 4500 | ||
|---|---|---|---|
| 001 | 655530 | ||
| 005 | 20250319135552.0 | ||
| 035 | |a (RuTPU)RU\TPU\network\21717 | ||
| 035 | |a RU\TPU\network\20215 | ||
| 090 | |a 655530 | ||
| 100 | |a 20170911d2017 k||y0rusy50 ca | ||
| 101 | 0 | |a rus | |
| 102 | |a RU | ||
| 135 | |a drcn ---uucaa | ||
| 181 | 0 | |a i | |
| 182 | 0 | |a b | |
| 200 | 1 | |a Конструирование, расчет, испытания и надежность машин |d Automated analysis of camber height of gun drill stem |f С. В. Кирсанов, Р. С. Цыганков, Б. А. Тухфатулин | |
| 203 | |a Текст |c электронный | ||
| 225 | 1 | |a Конструирование, расчет, испытания и надежность машин | |
| 300 | |a Заглавие с экрана | ||
| 320 | |a [Библиогр.: с. 33 (6 назв.)] | ||
| 330 | |a Для исключения касания стеблем ружейного сверла поверхности обработанного отверстия и повышения стойкости инструмента на базе уточненной схемы сил и моментов, действующих на сверло, предложен автоматизированный расчет геометрических параметров стебля и его стрелы прогиба. | ||
| 330 | |a For excluding of touching by a gun drill stem of a surface of machined hole and increase of tool resistance on the base of refined free body diagram of a drill, the automated calculation of stem geometric parameters and its camber height is suggested. | ||
| 333 | |a Режим доступа: по договору с организацией-держателем ресурса | ||
| 461 | |t Вестник машиностроения |o научно-технический и производственный журнал |d 1943- | ||
| 463 | |t № 4 |v [С. 31-33] |d 2017 | ||
| 510 | 1 | |a Automated analysis of camber height of gun drill stem |z eng | |
| 610 | 1 | |a электронный ресурс | |
| 610 | 1 | |a труды учёных ТПУ | |
| 610 | 1 | |a ружейные сверла | |
| 610 | 1 | |a стебли | |
| 610 | 1 | |a стрелы прогиба | |
| 610 | 1 | |a силы | |
| 610 | 1 | |a крутящие моменты | |
| 610 | 1 | |a автоматизированные расчеты | |
| 700 | 1 | |a Кирсанов |b С. В. |c специалист в области машиностроения |c профессор Томского политехнического университета, доктор технических наук |f 1949- |g Сергей Васильевич |3 (RuTPU)RU\TPU\pers\27879 | |
| 701 | 1 | |a Цыганков |b Р. С. |c специалист в области машиностроения |c ассистент кафедры Томского политехнического университета, учебный мастер |f 1989- |g Роман Сергеевич |3 (RuTPU)RU\TPU\pers\34621 | |
| 701 | 1 | |a Тухфатулин |b Б. А. |g Борис Ахатович | |
| 712 | 0 | 2 | |a Национальный исследовательский Томский политехнический университет (ТПУ) |b Институт кибернетики (ИК) |b Кафедра технологии машиностроения и промышленной робототехники (ТМСПР) |3 (RuTPU)RU\TPU\col\22620 |
| 801 | 2 | |a RU |b 63413507 |c 20170911 |g RCR | |
| 856 | 4 | |u http://www.mashin.ru/eshop/journals/vestnik_mashinostroeniya/2036/13/ | |
| 856 | 4 | |u https://elibrary.ru/item.asp?id=29842360 | |
| 942 | |c CF | ||